Statistics for Monarchies Bordering Monarchies

Click here to take the quiz!

General Stats

  • This quiz has been taken 12,061 times
  • The average score is 15 of 18

Answer Stats

Monarchy% Correct
Spain
88%
Sweden
86%
Norway
86%
Netherlands
85%
Saudi Arabia
85%
Belgium
84%
Oman
83%
Andorra
83%
United Arab
Emirates
83%
Thailand
82%
Luxembourg
82%
Qatar
81%
Kuwait
79%
Malaysia
78%
Jordan
78%
Brunei
76%
Cambodia
75%
Morocco
74%

Score Distribution

Percentile by Number Answered

Percent of People with Each Score

Your Score History

You have not taken this quiz